Music Quiz

Random Music or Rock Quiz

Madonna Two Word Singles Quiz Stats

 Plays Quiz not verified by Sporcle

Score 0/25 Timer 05:00
3 Plays Today
% Correct
Material
94.8%
Hanky
92.5%
American
89.1%
Express
87.5%
Bedtime
84.2%
Rescue
83.8%
Lucky
83.2%
Hung
79.8%
Human
79.3%
True
76.4%
Beautiful
76.1%
I'll
75.8%
Miles
75%
% Correct
4
73.7%
Hold
73.1%
You'll
71.7%
Dear
70.4%
Bad
64.2%
Get
63.3%
Burning
62.8%
Hey
55.9%
Nothing
53.2%
Oh
50%
American
49.5%
Love
26.4%

You're not logged in!

Compare scores with friends on all Sporcle quizzes.
OR
Log In

Show Comments

Extras

Top Quizzes Today


Score Distribution

Your Account Isn't Verified!

In order to create a playlist on Sporcle, you need to verify the email address you used during registration. Go to your Sporcle Settings to finish the process.

Report this User

Report this user for behavior that violates our Community Guidelines.

Details: